000
00313 a2200109 4500
001
ART_18678
005
20260410161703.0
008
260409a
245
1
0
_a
Algo mas sobre la factura electronica:
100
1
_a
Ferraro, Ricardo H.
773
0
_t
Revista Impuestos
_g
- NÂș 1 (ene. 2011)
_w
REV639
999
_c
15357
_d
15357